2012 FRC Regional Winners Quiz Stats

 Plays Quiz not verified by Sporcle

Also try: What's Left? IV
Challenge
Share
Tweet
Embed
Score 0/207 Timer 20:00
0 Plays Today
Regional Team Number % Correct
Mount Olive District25
93.1%
MAR Championship25
93.1%
Silicon Valley254
89.7%
Northeast Utilities FIRST Connecticut20
86.2%
Minnesota North Star111
86.2%
Lone Star118
86.2%
Greater Toronto - East1114
82.8%
Midwest148
82.8%
Waterloo1114
82.8%
Dallas East148
82.8%
Greater Kansas City16
79.3%
Midwest16
79.3%
Dallas East16
79.3%
Kettering District33
72.4%
Greater Toronto - East2056
72.4%
Waterford District67
72.4%
Waterloo2056
72.4%
Northville District67
72.4%
Greater Toronto West2056
72.4%
Troy District67
72.4%
Michigan State Championship67
72.4%
Waterford District469
62.1%
Rutgers University District56
62.1%
Detroit District469
62.1%
Troy District469
62.1%
Michigan State Championship469
62.1%
Greater Kansas City1986
55.2%
Los Angeles987
55.2%
Arizona610
55.2%
St. Louis1986
55.2%
Las Vegas987
55.2%
Los Angeles1717
51.7%
Sacramento1678
51.7%
Central Valley1717
51.7%
Central Valley330
48.3%
Pittsburgh48
44.8%
Sacramento971
44.8%
Wisconsin48
44.8%
South Florida180
44.8%
Silicon Valley971
44.8%
Orlando233
41.4%
New York City125
41.4%
Boston233
41.4%
Alamo1477
34.5%
Finger Lakes191
34.5%
Bayou1477
34.5%
WPI190
31%
Chestnut Hill District341
31%
Arizona842
31%
Hawaii359
31%
Boston341
31%
Northeast Utilities FIRST Connecticut195
31%
Lone Star359
31%
MAR Championship341
31%
Hatboro-Horsham District341
31%
Bayou624
27.6%
Northville District548
27.6%
Spokane1983
27.6%
Smoky Mountains234
24.1%
Wisconsin2826
24.1%
Mount Olive District222
24.1%
Queen City45
24.1%
Spokane2122
24.1%
Finger Lakes1507
20.7%
Detroit District1023
20.7%
Buckeye340
20.7%
Buckeye1507
20.7%
Livonia District1023
20.7%
BAE Systems Granite131
17.2%
Regional Team Number % Correct
Israel1690
17.2%
Orlando86
17.2%
Dallas West3310
17.2%
Kettering District2337
13.8%
Gull Lake District85
13.8%
Gull Lake District1918
13.8%
Greater Toronto - East1219
13.8%
Festival de Robotique FRC a Montreal2590
13.8%
Boston246
13.8%
Lenape District2590
13.8%
Lenape District365
13.8%
Washington DC357
13.8%
Smoky Mountains772
10.3%
Hatboro-Horsham District1640
10.3%
Hatboro-Horsham District1218
10.3%
Lake Superior2169
10.3%
Chestnut Hill District1218
10.3%
Rutgers University District1676
10.3%
Peachtree2415
10.3%
Boilermaker4028
10.3%
West Michigan District141
10.3%
Arizona1212
10.3%
Buckeye3015
10.3%
Seattle Olympic1425
10.3%
Seattle Cascade2471
10.3%
Niles District2767
10.3%
Greater Toronto West2200
10.3%
Troy District244
10.3%
North Carolina1519
10.3%
Queen City781
10.3%
Michigan State Championship830
10.3%
MAR Championship1640
10.3%
Alamo231
6.9%
San Diego3476
6.9%
Israel1662
6.9%
Chesapeake192
6.9%
Virginia384
6.9%
West Michigan District2054
6.9%
New York City522
6.9%
Hawaii4218
6.9%
Hawaii2439
6.9%
St. Louis1985
6.9%
Dallas West935
6.9%
Minnesota 10000 Lakes525
6.9%
Minnesota North Star2512
6.9%
Greater Toronto West4001
6.9%
Queen City3940
6.9%
BAE Systems Granite58
3.4%
Alamo457
3.4%
San Diego3255
3.4%
Lake Superior3018
3.4%
Lake Superior1714
3.4%
Orlando1592
3.4%
Finger Lakes3951
3.4%
WPI 2067
3.4%
Los Angeles3512
3.4%
Boilermaker1501
3.4%
Festival de Robotique FRC a Montreal3990
3.4%
Utah2403
3.4%
Virginia435
3.4%
New York City1635
3.4%
Colorado399
3.4%
Colorado2996
3.4%
Midwest2022
3.4%
Palmetto2815
3.4%
Seattle Olympic2928
3.4%
Seattle Olympic2557
3.4%
Northeast Utilities FIRST Connecticut181
3.4%
Dallas East4090
3.4%
Regional Team Number % Correct
Washington DC467
3.4%
Minnesota 10000 Lakes3081
3.4%
Oklahoma1540
3.4%
South Florida1592
3.4%
Silicon Valley766
3.4%
Livonia District3322
3.4%
Central Valley2102
3.4%
Lone Star1642
3.4%
Greater Kansas City3784
0%
BAE Systems Granite1831
0%
Smoky Mountains3259
0%
Kettering District4294
0%
San Diego4161
0%
Israel1937
0%
Chesapeake2377
0%
Chesapeake3419
0%
Autodesk Oregon360
0%
Autodesk Oregon956
0%
Autodesk Oregon3711
0%
Pittsburgh375
0%
Pittsburgh2614
0%
WPI3205
0%
Traverse City District4003
0%
Traverse City District3509
0%
Traverse City District3234
0%
Waterford District2851
0%
Chestnut Hill District2559
0%
Rutgers University District1370
0%
Peachtree587
0%
Peachtree1261
0%
Boilermaker1756
0%
Bayou4353
0%
Festival de Robotique FRC a Montreal3981
0%
Sacramento3189
0%
Utah3230
0%
Utah3245
0%
Virginia1262
0%
Detroit District3175
0%
West Michigan District3546
0%
Colorado3807
0%
St. Louis4356
0%
Palmetto2640
0%
Palmetto2059
0%
Seattle Cascade2046
0%
Seattle Cascade492
0%
Waterloo4372
0%
Wisconsin269
0%
Niles District3617
0%
Niles District2474
0%
Northville District3656
0%
Lenape District816
0%
Dallas West4206
0%
Washington DC2914
0%
SBPLI Long Island870
0%
SBPLI Long Island527
0%
SBPLI Long Island1796
0%
Minnesota 10000 Lakes3747
0%
Minnesota North Star4226
0%
Oklahoma3528
0%
Oklahoma2395
0%
South Florida3627
0%
Livonia District2620
0%
Mount Olive District3929
0%
North Carolina2642
0%
North Carolina1311
0%
Las Vegas3245
0%
Las Vegas2844
0%
Spokane4082
0%
Gull Lake District4327
0%

You're not logged in!

Compare scores with friends on all Sporcle quizzes.
Join for Free
OR
Log In

You Might Also Like...

Show Comments

Extras

Created Aug 3, 2012ReportNominate
Tags:2012, frc, regional, team, winner

Top Quizzes Today


Score Distribution

Your Account Isn't Verified!

In order to create a playlist on Sporcle, you need to verify the email address you used during registration. Go to your Sporcle Settings to finish the process.

Report this User

Report this user for behavior that violates our Community Guidelines.

Details: